Normal view
MARC view
- الغرير، احمد نائل،م.مشارك اديب عبدالله النوايسة
Entry Personal Name
001 - CONTROL NUMBER
- control field: 62028
003 - CONTROL NUMBER IDENTIFIER
- control field: JO-AjAnu
005 - DATE AND TIME OF LATEST TRANSACTION
- control field: 20230606084130.0
008 - FIXED-LENGTH DATA ELEMENTS
- fixed length control field: 230606|| aca||aabn | a|a d
040 ## - CATALOGING SOURCE
- Original cataloging agency: JO-AjAnu
- Transcribing agency: JO-AjAnu
100 ## - HEADING--PERSONAL NAME
- Personal name: الغرير، احمد نائل،م.مشارك اديب عبدالله النوايسة
670 ## - SOURCE DATA FOUND
- Source citation: Work cat.: (JO-AjAnu)31635: الغرير، احمد نائل،م.مشارك اديب عبدالله النوايسة, author, الوسائل المساعدة والاجهزة التعويضية للاشخاص المعاقين